A guide to buying antiques,arts & crafts in Hong Kong

Bibliographic Details
Main Author: Garrett, Valery M
Format: Book
Published: Singapore : Times Books International , 1996
Subjects:

MARC

LEADER 00000cam a2200000 7i4500
001 0000025553
002 000027551
005 20000330.0
020 |a 9812047220 
090 0 0 |a 745.095125   |b GAR 
100 0 |a Garrett, Valery M 
245 1 2 |a A guide to buying antiques,arts & crafts in Hong Kong   |c Valery M.Garrett 
260 |a Singapore :   |b Times Books International ,   |c 1996 
300 |a 155p. :   |b ill ;   |c 21cm. 
650 0 0 |a Antiques   |z Hong Kong 
650 0 0 |a Handicraft   |z Hong Kong   |x Guidebooks 
999 |a 00073446   |b BUKU   |c PINJAMAN   |e PERPUSTAKAAN KOMUNITI PETALING JAYA